Responses for Show #3989 - Thursday, December 27, 2001

2001 Holiday Kids Week game 4.

(Cheryl: I'm Cheryl of the Clue Crew at the Natural History Museum of Los Angeles County. Shhh! Jeopardy!'s been bugged--next.)

Contestants

[<< previous game]

Emily Kamm, a 12-year-old from Arlington, Virginia

Michael Glick, a 12-year-old from Smithtown, New York

Meredith Dedopoulos, a 12-year-old from Durham, New Hampshire

[next game >>]

Jeopardy! Round responses

A DECEMBER TO REMEMBER
LET'S GO A-CAROLING
WHAT'S THE BUG IDEA?
EAT YOUR VEGGIES!
TIME FOR LEFTOVERS
MUSHY STUFF
    $200 16
Wright Brothers

Emily
    $200 11
a happy new year

Emily
    $200 6
grasshopper

Emily
    $200 1
poke a hole in it

Emily
    $200 21
USC

Meredith
    $200 26
kiss

Meredith
    $400 17
George Washington

Emily
    $400 12
boughs of holly

Meredith
    $400 7
moth

Michael
    $400 2
onions

Michael
    $400 22
whale

Meredith
    $400 27
heart

Emily
    $600 18
United Nations

Emily
    $600 13
French hens

Meredith
    $600 8
scorpion

Meredith
    $600 3
cloves

Emily
    $600 23
thesaurus

Meredith
    $600 30
(Meredith: [No response])

Darling

Meredith
    $800 19
Yankees

Michael
    $800 14
"O Christmas Tree"

Michael
    $800 9
praying mantis

Meredith
    $800 4
mushroom

Triple Stumper
    $800 24
Hawaii

Emily
    $800 29
(group) hug

Meredith
    $1000 20
the Constitution

Emily
    $1000 15
King Wenceslas

Emily
    $1000 10
millipede

Emily
    $1000 5
squash

Michael
    $1000 25
dalmatian

Michael
    $1000 28
(Meredith: What are roses and violets?)
(Alex: No, we need the first line.)
(Meredith: Oh, what is [*]?)

Roses are red, violets are blue

Meredith

Scores at the first commercial break (after clue 15):

Meredith Michael Emily
$2,400 $2,600 $3,200

Scores at the end of the Jeopardy! Round:

Meredith Michael Emily
$5,000 $4,400 $6,600

Double Jeopardy! Round responses

HISTORIC BATTLES
BODIES OF WATER
NARESH, MY E-PAL
MUPPET MOVIES
U.S. GOVERNMENT
THE "N" ZONE
    $400 1
Nile

Meredith
    $400 12
Lake Michigan

Michael
    $400 22
in

Emily
    $400 17
(Ebenezer) Scrooge

Michael
    $400 7
2

Emily
    $400 2
nugget

Michael
    $800 13
Atlantic

Meredith
    $800 23
fudge

Michael
    $800 18
Miss Piggy

Emily
    $800 8
NASA

Emily
    $800 3
(Meredith: What is Nya?)

Narnia

MeredithMichael
    $1200 14
Amazon

Meredith
    $1200 19
Manhattan

Emily
    $1,400 9
veto

Emily
    $1200 4
Nairobi

Emily
    $1600 26
William the Conqueror

Triple Stumper
    $700 15
Persian

Meredith
    $1600 27
[The end-of-round signal sounds.]

nuns

Emily
    $1600 20
Elmo

Emily
    $1600 10
Defense

Emily
    $1600 5
nucleus

Emily
    $2000 25
Battle of Lexington

Emily
    $2000 16
Delaware

Triple Stumper
    $2000 24
Hinduism

Emily
    $2000 21
Muppets from Space

Triple Stumper
    $2000 11
Articles of Confederation

Emily
    $2000 6
narrator

Meredith

Scores at the end of the Double Jeopardy! Round:

Meredith Michael Emily
$9,300 $7,200 $25,200
(lock game)

[wagering suggestions for these scores]

Final Jeopardy! Round responses

STATE SYMBOLS
(Alex: [To Emily] Now I hope there's a big wager. Ten grand? That's pretty good. New record. $35,200. Way to go, Emily!)
MichaelWhat is Pennsylvania
$2,800
MeredithWhat is Massachusetts
$2,000
EmilyWhat is Massachusetts?
$10,000
Massachusetts

Final scores:

Meredith Michael Emily
$11,300 $4,400 $35,200
2nd place: $1,000 shopping spree at HPShopping.com & trip to Oahu, Hawaii with stay at Hilton Hawaiian Village in Waikiki 3rd place: $1,000 shopping spree at HPShopping.com & trip to Oahu, Hawaii with stay at Hilton Hawaiian Village in Waikiki Winner: $35,200 & trip to Oahu, Hawaii with stay at Hilton Hawaiian Village in Waikiki

Game dynamics:

Coryat scores:

Meredith Michael Emily
$10,800 $7,200 $25,000
15 R
(including 1 DD),
2 W
(including 1 DD)
11 R,
0 W
26 R
(including 1 DD),
0 W

Combined Coryat: $43,000

[game clues] [game scores] [suggest correction]

Game tape date: 2001-12-02
The J! Archive is created by fans, for fans. Scraping, republication, monetization, and malicious use prohibited; this site may use cookies and collect identifying information. See terms. The Jeopardy! game show and all elements thereof, including but not limited to copyright and trademark thereto, are the property of Jeopardy Productions, Inc. and are protected under law. This website is not affiliated with, sponsored by, or operated by Jeopardy Productions, Inc. Join the discussion at JBoard.tv.